[Event "Tarragona Province-ch B"]
[Site "Tarragona"]
[Date "2015.11.22"]
[Round "8.2"]
[White "Gracia Train, Carles"]
[Black "Delgado Ortiz, Juan Carlos"]
[Result "0-1"]
[WhiteElo "1859"]
[BlackElo "1835"]
[PlyCount "60"]
[EventDate "2015.09.27"]
[EventType "swiss"]
[EventRounds "9"]
[EventCountry "ESP"]
[SourceTitle "EXT 2024"]
[Source "ChessBase"]
[SourceDate "2023.10.10"]
[SourceVersion "1"]
[SourceVersionDate "2023.10.10"]
[SourceQuality "1"]

1. b3 e5 2. Bb2 Nc6 3. e3 Be7 4. Bb5 Bf6 5. Bxc6 bxc6 6. d3 d5 7. h3 Ne7 8. Nf3 Ng6 9. Nbd2 0-0 10. Qe2 e4 11. Nd4 c5 12. Nc6 Qd6 13. Bxf6 Qxf6 14. 0-0 Qxc6 15. dxe4 dxe4 16. Rfd1 f5 17. Nc4 Ba6 18. Rd2 Qf6 19. Rad1 Rae8 20. Rd7 f4 21. Qd2 Bxc4 22. bxc4 f3 23. g3 c6 24. Rxa7 Ne5 25. Qa5 Qe6 26. Kh2 Qxc4 27. Qc7 Rf7 28. Qb6 Rxa7 29. Qxa7 Qe2 30. Rb1 Qxf2+ 0-1